Flaggen Afrikas Quiz - Statistiken

Allgemein
  • Dieses Quiz wurde 46.371 mal gespielt
  • Das Durchschnittsergebnis liegt bei 34 aus 54
Antwortstatistiken
Bildquiz Antwort % Korrekt
Südafrika
99%
Ägypten
94%
Tunesien
92%
Algerien
91%
Nigeria
89%
Kenia
88%
Angola
84%
Uganda
83%
Elfenbeinküste
82%
Marokko
82%
Seychellen
74%
Ghana
73%
Tansania
70%
Äthiopien
69%
Liberia
69%
Senegal
69%
Somalia
69%
Kamerun
68%
Niger
68%
Mauretanien
66%
Eswatini
65%
Sudan
65%
Kap Verde
64%
Demokratische Republik Kongo
62%
Libyen
62%
Madagaskar
62%
Lesotho
60%
Tschad
60%
Burkina Faso
59%
Burundi
58%
Malawi
58%
Mali
57%
Botswana
56%
Eritrea
55%
Mosambik
55%
Südsudan
55%
Togo
54%
Gabun
53%
Sambia
53%
Zentralafrikanische Republik
53%
Komoren
50%
Benin
49%
Simbabwe
49%
Namibia
46%
Guinea
45%
Mauritius
45%
Sierra Leone
45%
Äquatorial-Guinea
44%
Republik Kongo
44%
São Tomé und Príncipe
44%
Dschibuti
43%
Ruanda
43%
Guinea-Bissau
42%
Gambia
38%
Keine übereinstimmenden Quizze gefunden
Verteilung der Resultate
Anzahl Personen mit jedem Resultat
Perzentil nach korrekt beantworteten Fragen
Ihre Resultats-Entwicklung
Sie haben dieses Quiz noch nicht gespielt